000
00348nam a2200145 a 4500
003
MO
005
20170315105246.0
008
100923s19uu xx 00 eng d
050
_a
TR
_b
R54 2003
100
_a
Roberts, Katherine
245
_a
Dark quetzal.
260
_a
Somerset, UK :
_b
Chicken House,
_c
2003.
942
_2
ddc
_c
BK
999
_c
110857
_d
110857